000 00526nam a2200181 i 4500
001 96097
003 ES-MaACL
005 20230906181835.0
007 t|
008 050610s1979 sp ||||1| spa d
100 1 _aMadariaga, Salvador de,
_d1886-1978
_975292
245 1 0 _aEspaña
_b: Ensayo de historia contemporánea /
_cSalvador de Madariaga.
250 _a14ª ed.
260 _aMadrid :
_bEspasa-Calpe,
_c1979.
300 _a637 p. ;
_c23 cm.
852 _aES-MaACL
_jL-1974
_bR.102878
999 _c96097
_d96097